Normal view
MARC view
- Ismail Qadeer Dar. Yasir Khalid. Muhammad Talha Baig. Talha Javed
Entry Personal Name
001 - CONTROL NUMBER
- control field: 73317
003 - CONTROL NUMBER IDENTIFIER
- control field: NUST
005 - DATE AND TIME OF LATEST TRANSACTION
- control field: 20210628205012.0
008 - FIXED-LENGTH DATA ELEMENTS
- fixed length control field: 210628|| aca||aabn | a|a d
040 ## - CATALOGING SOURCE
- Original cataloging agency: NUST
- Transcribing agency: NUST
100 ## - HEADING--PERSONAL NAME
- Personal name: Ismail Qadeer Dar. Yasir Khalid. Muhammad Talha Baig. Talha Javed
670 ## - SOURCE DATA FOUND
- Source citation: Work cat.: (NUST): PR-SOF-1966-Machine Vision for Industrial Platform, 2020
